Memorias leidas en la asociación de agricultores que comprenden influencia del oxígeno del aire en la vinificación ó sea Aireo de los vinos, sus enfermedades, causas que las producen y medios de evitarlas ... / (Record no. 166820)
[ view plain ]
| 000 -LEADER | |
|---|---|
| campo de control de longitud fija | 00861nam a22001815i 4500 |
| 001 - NÚMERO DE CONTROL | |
| campo de control | 166820 |
| 003 - IDENTIFICADOR DE NÚMERO DE CONTROL | |
| campo de control | ES-MaACL |
| 005 - FECHA Y HORA DE LA ÚLTIMA TRANSACCIÓN | |
| campo de control | 20230906213416.0 |
| 008 - DATOS DE LONGITUD FIJA--INFORMACIÓN GENERAL | |
| campo de control de longitud fija | 981002s1884 sp |||| | spa d |
| 040 ## - FUENTE DE CATALOGACIÓN | |
| Centro catalogador/agencia de origen | CLM |
| Lengua de catalogación | spa |
| Centro/agencia transcriptor | CCPB | 3D |
| 100 1# - ENTRADA PRINCIPAL--NOMBRE DE PERSONA | |
| Nombre de persona | Utor, Luis María. |
| 9 (RLIN) | 133471 |
| 245 10 - MENCIÓN DEL TÍTULO | |
| Título | Memorias leidas en la asociación de agricultores que comprenden influencia del oxígeno del aire en la vinificación ó sea Aireo de los vinos, sus enfermedades, causas que las producen y medios de evitarlas ... / |
| Mención de responsabilidad, etc. | por Luis María Utor. |
| 260 ## - PUBLICACIÓN, DISTRIBUCIÓN, ETC. | |
| Lugar de publicación, distribución, etc. | Madrid : |
| Nombre del editor, distribuidor, etc. | [s.n.], |
| Fecha de publicación, distribución, etc. | 1884 ( |
| Fabricante | Tipografía de Manuel Ginés Hernández) |
| 300 ## - DESCRIPCIÓN FÍSICA | |
| Extensión | 46 p. : |
| Otras características físicas | il. ; |
| Dimensiones | 23 cm. |
| 650 #4 - PUNTO DE ACCESO ADICIONAL DE MATERIA--TÉRMINO DE MATERIA | |
| Término de materia o nombre geográfico como elemento de entrada | Viticultura. |
| 9 (RLIN) | 136993 |
| 740 0# - ENTRADA AGREGADA--TÍTULO RELACIONADO/ANALÍTICO NO CONTROLADO | |
| Título relacionado o analítico no controlado | Aireo de los vinos, sus enfermedades, causas que las producen y medios de evitarlas. |
| 852 ## - LOCALIZACIÓN | |
| Ubicación | ES-MaACL |
| Número de control de estantería | T-380-F-6 |
| Nota libre | -- Enc. hol. |
| -- | -- Enc. en un vol. facticio |
| Estatus retirado | Estado de pérdida | Estado de daño | No para préstamo | Colección | Biblioteca de origen | Biblioteca actual | Ubicación en estantería | Fecha de adquisición | Total de préstamos | Signatura topográfica completa | Código de barras | Visto por última vez | Precio de reemplazo | Tipo de ítem Koha |
|---|---|---|---|---|---|---|---|---|---|---|---|---|---|---|
| Colección de folletos | Biblioteca del Ateneo de Madrid | Biblioteca del Ateneo de Madrid | Depósito folletos | 17/01/2008 | T-380-F-6 | 1174978 | 23/02/2023 | 23/02/2023 | Folleto |
